000 00810nas a2200253 4500
001 BR9805013
003 BR-BrBNA
005 20231205101136.0
007 ta
008 230509b bl.|||p| |||| 00| 00por d
040 _aBR-BrBNA
_bpor
_cBiblioteca Nacional de Agricultura
041 _a(Es)
072 _aL72
100 1 _aCicchino, A.C.
100 1 _aAbrahamovich, A.H.
245 1 _aUna nueva especie de Colpocephalum (Phthiraptera, Menoponidae)parasita de Crotophaga Major y C. Sulcirostris (Cuculiformes, Crotophagidae)
650 _aAve
650 _aParasito de Animal
650 _aCoccideo
650 _aAnu-Branco
773 0 _tIheringia. Serie Zoologia (Brazil)
_xISSN 0073-4721
_g(Oct 1997), (83) p. 13-16
_wBR9805013
909 _a202311
_bLúcia
_c55
_dLúcia Elande
942 _2AGRIS
_n0
_cANA
999 _c160007
_d160007